| 000 | 00628nam a22002057a 4500 | ||
|---|---|---|---|
| 003 | 0 | ||
| 005 | 20250324111433.0 | ||
| 008 | 250324b xxu||||| |||| 00| 0 eng d | ||
| 020 | _a978-1-4737-7891-7 | ||
| 050 |
_aHG 173 _b.H39 2022 |
||
| 100 | _aHawawini, Gabriel | ||
| 245 |
_aFinance for executives: _bmanaging for value creation _cGabriel Hawawini and Claude Viallet |
||
| 250 | _a7th edition | ||
| 260 |
_aAndover, Hampshire _bCengage _cc2022. |
||
| 300 |
_axxxi, 800 pages ; _c25cm. |
||
| 504 | _aIncludes index and glossary. | ||
| 650 | _aFinancial Management. | ||
| 700 | _aViallet, Claude | ||
| 942 |
_2lcc _cBK |
||
| 999 |
_c367321 _d367321 |
||